1807 1579 1397 1207 1932 1168 1608 1519 1053 1181 1583 1227 1230 1049 1471 1269 1627 1495 1347 1573 1443 1448 1214 1762 1012 1088 1848 1356 1226 1689 1924 1975 1806 1574 1172 1433 1887 1666 1848 1369 1371 1456 1774 1297 1218 1697 1945 1692 1140 1904 1411 1929 1217 1400 1022 1926 1227 1613 1194 1000 1897 1554 1368 1591 1511 1823 1832 1219 1345 1114 1389 1763 1421 1617 1286 1028 1315 1022 1828 1193 1107 1260 1767 1989 1099 1481 1142 1104 1619 1179 1339 1086 1790 1339 1723 1957 1548 1770 1697 BCNSPRNW ULIB Ver.6.0+V

เปลี่ยนเป็นภาษาไทย

Change to English
 แสดงรายละเอียดบรรณานุกรม
  กลับหน้าหลัก

Brief Record : Get Marc (ISO 2709) : E-mail record : QR code < ปิดหน้าต่าง
LEADER : 00000nam 2200000uu 4500
001    13399121183
003     ULIB
008    121108s2547||||th 000 0 tha d
050 04 ^aLB1044^bส816
100 0  ^aสุนันทา สุนทรประเสริฐ
245 10 ^aการสร้างสื่อการสอนและนวัตกรรมการเรียนรู้สู่...การพัฒนาผู้เรียน/^cสุนันทา สุนทรประเสริฐ
260    ^aกรุงเทพฯ :^bธรรมรักษ์การพิมพ์,^c2547
300    ^a150 หน้า
650  7 ^aนวัตกรรมการเรียนรู้
650  4 ^aสื่อการสอน
945    ^p100^l0^i16587
995    ^aวิภา
999 ^a ทศพร
รายการนี้ยังไม่มีแท็ก
คุณยังไม่ได้ล็อกอิน คุณสามารถมีกิจกรรมร่วมกับเว็บไซต์ได้ แต่ต้องล็อกอินก่อน ::
  ล็อกอิน

รายการสื่อสารสนเทศ

ลำดับที่ ประเภท เลขเรียก/บาร์โค้ด สถานที่ สถานะ
1. วิทยาศาสตร์การแพทย์ และสุขภาพ
วิทยาศาสตร์การแพทย์ และสุขภาพ
LB1044 ส816  
  Barcode: 16587
ห้องสมุดวิทยาเขตสวรรค์ประชารักษ์
►หนังสือทั่วไป
บนชั้น

รายการใกล้เคียง
    ผู้แต่ง [สุนันทา สุนทรประเสริฐ]

    หัวเรื่อง [นวัตกรรมการเรียนรู้]
    หัวเรื่อง [สื่อการสอน]

BibComment


ยังไม่เคยถูกคอมเมนท์

คอมเมนท์ทรัพยากรรายการนี้
  คอมเมนท์: การสร้างสื่อการส..


 Copyright 2026. Bcnsprnw @Library